000 00672nam a22001697a 4500
999 _c63763
_d63763
003 Ge_BSU
005 20260109180527.0
008 260109s2009 ge ||||| |||| 00| 0 geo d
020 _a9789941010583
041 _ageo
080 _a347.772 ს-25
245 _aსასაქონლო ნიშანი /
_bინტელექტუალური საკუთრების ეროვნ. ცენტრი "საქპატენტი".
264 _aთბ. :
_bსაქპატენტი,
_c2009.
300 _a20 გვ. :
_bილ. ;
_c21 სმ.
653 _aსასაქონლო ნიშნები
942 _2udc
_cᲬᲘᲒᲜᲘ